000
00221 a2200097 4500
001
42943
100
_a
Pakistan G of
245
_a
Pakistan basic facts 1969-70
260
_a
_b
Govt of Pakistan
_c
090
_c
26824
_d
26824
942
_a
NUST-CAE
_c
M
_c
18696
999
_c
278016
_d
278016